[Event "Bogota U14"]
[Site "Bogota"]
[Date "2014.05.17"]
[Round "4.1"]
[White "Gomez Perez, Jaidor S"]
[Black "Gomez, Juan Andres"]
[Result "0-1"]
[WhiteElo "1755"]
[BlackElo "1745"]
[PlyCount "72"]
[EventDate "2014.05.16"]
[EventType "swiss"]
[EventRounds "5"]
[EventCountry "COL"]
[SourceTitle "EXT 2024"]
[Source "ChessBase"]
[SourceDate "2023.10.10"]
[SourceVersion "1"]
[SourceVersionDate "2023.10.10"]
[SourceQuality "1"]

1. e4 e5 2. Bc4 Nf6 3. d3 Nc6 4. Bb3 Be7 5. Nf3 0-0 6. Nbd2 Kh8 7. Nf1 d5 8. exd5 Nxd5 9. Ng3 Bc5 10. 0-0 f6 11. Ne4 Bb6 12. Re1 Bg4 13. c3 a6 14. h3 Bh5 15. Ng3 Bg6 16. Nh4 Bf7 17. Bc2 Nce7 18. Nhf5 Ng6 19. d4 c6 20. dxe5 Nxe5 21. Be4 Qd7 22. Bxd5 Bxd5 23. Be3 Qc7 24. Bxb6 Qxb6 25. b3 Rad8 26. Qd4 c5 27. Qe3 Rfe8 28. Qc1 Qc6 29. f4 Nf7 30. Ne7 Qd7 31. Nxd5 Qxd5 32. Rxe8+ Rxe8 33. Qd1 Qe6 34. Qc1 g6 35. Kf2 c4 36. Qe1 Qb6+ 0-1

[Event "Bogota Verano op"]
[Site "Bogota"]
[Date "2013.08.19"]
[Round "7"]
[White "Gomez, Juan Andres"]
[Black "Valle, Efrain"]
[Result "0-1"]
[WhiteElo "1755"]
[BlackElo "2209"]
[PlyCount "84"]
[EventDate "2013.08.16"]
[EventType "swiss"]
[EventRounds "7"]
[EventCountry "COL"]
[SourceTitle "CBM 156 Extra"]
[Source "ChessBase"]
[SourceDate "2013.10.22"]
[SourceVersion "1"]
[SourceVersionDate "2013.10.22"]
[SourceQuality "1"]

1. e4 Nc6 2. Nc3 e5 3. g3 Bc5 4. Bg2 d6 5. Na4 Nf6 6. Nxc5 dxc5 7. Ne2 Bg4 8. f3 Be6 9. d3 c4 10. 0-0 Qd7 11. dxc4 Bxc4 12. Qxd7+ Nxd7 13. Rf2 0-0-0 14. Be3 Nb6 15. a3 Be6 16. b3 Nd4 17. Nc3 Rd7 18. Kf1 Rhd8 19. Ke1 c5 20. Rb1 a5 21. h4 f6 22. Bf1 c4 23. b4 a4 24. Bg2 Kc7 25. Rd2 f5 26. Rbd1 fxe4 27. fxe4 Bg4 28. Rc1 Kc6 29. Rf2 Nb5 30. Bxb6 Kxb6 31. Nxa4+ Kc6 32. Bf3 Bxf3 33. Rxf3 Nd4 34. Re3 Rf7 35. Nc3 Rdf8 36. Ne2 Nb5 37. Kd2 Rf2 38. Re1 Ra8 39. Ra1 Rd8+ 40. Ke1 Rdf8 41. Ra2 Rf1+ 42. Kd2 Rd8+ 0-1

[Event "Bogota Verano op"]
[Site "Bogota"]
[Date "2013.08.18"]
[Round "4"]
[White "Motta Leon, Gerardo"]
[Black "Gomez, Juan Andres"]
[Result "1-0"]
[WhiteElo "2023"]
[BlackElo "1755"]
[PlyCount "93"]
[EventDate "2013.08.16"]
[EventType "swiss"]
[EventRounds "7"]
[EventCountry "COL"]
[SourceTitle "CBM 156 Extra"]
[Source "ChessBase"]
[SourceDate "2013.10.22"]
[SourceVersion "1"]
[SourceVersionDate "2013.10.22"]
[SourceQuality "1"]

1. e4 e5 2. Nf3 Nc6 3. Bb5 a6 4. Ba4 Nf6 5. 0-0 b5 6. Bb3 d6 7. h3 Na5 8. c3 Nxb3 9. Qxb3 c5 10. d4 Qc7 11. Bg5 Be7 12. Re1 0-0 13. Nbd2 h6 14. Bh4 Be6 15. d5 c4 16. Qc2 Bd7 17. Nf1 g5 18. Bg3 Nh5 19. Ne3 Nf4 20. Bxf4 gxf4 21. Nf5 Bxf5 22. exf5 Kh8 23. a4 Qb7 24. axb5 axb5 25. Qe4 Rxa1 26. Rxa1 Ra8 27. Rxa8+ Qxa8 28. Nxe5 Kg7 29. Ng4 Bg5 30. f6+ Bxf6 31. Nxf6 Kxf6 32. Qxf4+ Ke7 33. Qe4+ Kd7 34. Kh2 Qa1 35. Qd4 Ke8 36. Qd2 Kd7 37. g4 Qf1 38. Kg3 Qb1 39. Kh4 Qd3 40. Qxh6 Qxd5 41. Qf6 Ke8 42. f4 Qd2 43. g5 Qf2+ 44. Kh5 Qf3+ 45. Kh6 Qxh3+ 46. Kg7 Qd7 47. f5 1-0

[Event "COL-ch U14"]
[Site "Medellin"]
[Date "2013.04.30"]
[Round "5"]
[White "Navarro Bustillo, Ruben D"]
[Black "Gomez, Juan Andres"]
[Result "1-0"]
[WhiteElo "2009"]
[BlackElo "1776"]
[PlyCount "83"]
[EventDate "2013.04.26"]
[EventType "swiss"]
[EventRounds "7"]
[EventCountry "COL"]
[SourceTitle "EXT 2015"]
[Source "ChessBase"]
[SourceDate "2014.11.20"]
[SourceVersion "1"]
[SourceVersionDate "2014.11.20"]
[SourceQuality "1"]

1. c4 Nf6 2. g3 g6 3. Bg2 Bg7 4. e3 0-0 5. Ne2 d6 6. d4 Nc6 7. 0-0 Rb8 8. Nbc3 a6 9. b3 e5 10. Bb2 Na5 11. Rc1 c5 12. dxe5 dxe5 13. Qxd8 Rxd8 14. Rcd1 Bf5 15. Nd5 Nxd5 16. Bxd5 e4 17. Bxg7 Kxg7 18. Nc3 Re8 19. Rd2 Bh3 20. Re1 f5 21. Ne2 g5 22. Nc3 Kf6 23. Rb1 h5 24. a3 Red8 25. Rdb2 Rdc8 26. b4 cxb4 27. Rxb4 Rc5 28. Rb6+ Ke7 29. Bxb7 Nxc4 30. Nd5+ Rxd5 31. Rh6 Bg4 32. Rh7+ Kf6 33. Rf7+ Kg6 34. Kg2 Rb5 35. Rxb5 axb5 36. Bd5 Nxa3 37. Ra7 b4 38. Ra6+ Kg7 39. Ra7+ Kf6 40. Ra6+ Ke5 41. Bb3 Rc8 42. Re6# 1-0

[Event "COL-ch U14"]
[Site "Medellin"]
[Date "2013.04.26"]
[Round "1"]
[White "Walteros, Juan Diego"]
[Black "Gomez, Juan Andres"]
[Result "0-1"]
[WhiteElo "1488"]
[BlackElo "1776"]
[PlyCount "46"]
[EventDate "2013.04.26"]
[EventType "swiss"]
[EventRounds "7"]
[EventCountry "COL"]
[SourceTitle "EXT 2015"]
[Source "ChessBase"]
[SourceDate "2014.11.20"]
[SourceVersion "1"]
[SourceVersionDate "2014.11.20"]
[SourceQuality "1"]

1. e4 e5 2. Nf3 Nc6 3. Bc4 Nf6 4. Ng5 d5 5. exd5 Na5 6. Bb5+ c6 7. dxc6 bxc6 8. Ba4 h6 9. Nf3 e4 10. Ng1 Bc5 11. c3 Qb6 12. Qe2 Ba6 13. d3 Bxd3 14. Qd2 Nc4 15. Qf4 Nh5 16. Qh4 g5 17. Qxh5 Bxf2+ 18. Kd1 Rd8 19. Bd2 Bxb1 20. Rxb1 Rxd2+ 21. Kc1 Be3 22. Bb3 Rxb2+ 23. Kd1 Qd8+ 0-1

[Event "Bogota District U14"]
[Site "Bogota"]
[Date "2013.04.22"]
[Round "2.1"]
[White "Gomez, Juan Andres"]
[Black "Jimenez, Leonardo Andres"]
[Result "0-1"]
[WhiteElo "1776"]
[BlackElo "1886"]
[PlyCount "66"]
[EventDate "2013.04.04"]
[EventType "swiss"]
[EventRounds "6"]
[EventCountry "COL"]
[SourceTitle "EXT 2024"]
[Source "ChessBase"]
[SourceDate "2023.10.10"]
[SourceVersion "1"]
[SourceVersionDate "2023.10.10"]
[SourceQuality "1"]

1. e4 e6 2. d4 d5 3. e5 c5 4. Nf3 Nc6 5. Bb5 Bd7 6. Bxc6 Bxc6 7. 0-0 Nh6 8. c3 Nf5 9. Re1 Qb6 10. Na3 cxd4 11. cxd4 Bb4 12. Re2 0-0 13. g4 Ne7 14. Nc2 f5 15. a3 fxg4 16. Nh4 Bb5 17. Re3 Nf5 18. Nxf5 Rxf5 19. Nxb4 Raf8 20. Nd3 Qxd4 21. Qd2 Rf3 22. Rxf3 gxf3 23. Qe3 Qxd3 24. Qxd3 Bxd3 25. Be3 Rc8 26. Bxa7 Rc2 27. Bd4 Kf7 28. h3 Kg6 29. Kh2 Kf5 30. Rg1 g6 31. Rg4 h5 32. Rg1 Ke4 33. Be3 Kxe5 0-1

[Event "Bogota McGregor op 3rd"]
[Site "Bogota"]
[Date "2012.12.12"]
[Round "2"]
[White "Fernandez, Fernando"]
[Black "Gomez, Juan Andres"]
[Result "1-0"]
[WhiteElo "2310"]
[BlackElo "1782"]
[PlyCount "71"]
[EventDate "2012.12.12"]
[EventType "swiss"]
[EventRounds "9"]
[EventCountry "COL"]
[SourceTitle "EXT 2014"]
[Source "ChessBase"]
[SourceDate "2013.11.20"]
[SourceVersion "1"]
[SourceVersionDate "2013.11.20"]
[SourceQuality "1"]

1. d4 Nf6 2. c4 g6 3. Nf3 Bg7 4. Nc3 0-0 5. e4 d6 6. h3 e5 7. d5 Nbd7 8. Bg5 a5 9. g4 h6 10. Be3 Kh7 11. Bd3 b6 12. Qd2 h5 13. 0-0-0 Nc5 14. Ng5+ Kg8 15. Be2 h4 16. f3 Bh6 17. Kb1 Qe7 18. Rhe1 Ba6 19. Bf1 Rad8 20. b3 Rb8 21. Bg2 Nfd7 22. Kc2 f6 23. Ne6 Bxe3 24. Qxe3 Nxe6 25. dxe6 Nc5 26. Nd5 Qg7 27. e7 Rfc8 28. g5 fxg5 29. Qxg5 Ne6 30. Qxh4 Nd4+ 31. Rxd4 exd4 32. e5 dxe5 33. f4 g5 34. fxg5 c6 35. Nf6+ Kf7 36. Rxe5 1-0

[Event "Bogota op 10"]
[Site "Bogota"]
[Date "2012.10.19"]
[Round "9"]
[White "Romero Agudelo, Mario"]
[Black "Gomez, Juan Andres"]
[Result "1-0"]
[WhiteElo "1621"]
[BlackElo "1777"]
[PlyCount "64"]
[EventDate "2012.10.11"]
[EventType "swiss"]
[EventRounds "9"]
[EventCountry "COL"]
[SourceTitle "EXT 2013"]
[Source "ChessBase"]
[SourceDate "2012.11.22"]
[SourceVersion "1"]
[SourceVersionDate "2012.11.22"]
[SourceQuality "1"]

1. e4 e5 2. Bc4 Nf6 3. d3 Nc6 4. a3 Bc5 5. h3 d6 6. Nf3 Be6 7. Ba2 Qe7 8. b4 Bb6 9. 0-0 Nd4 10. Nxd4 Bxd4 11. c3 Bb6 12. Nd2 h6 13. Nc4 g5 14. Nxb6 axb6 15. Bxe6 Qxe6 16. Rb1 g4 17. h4 Nh5 18. g3 f5 19. Qb3 Qg6 20. exf5 Qxf5 21. Qd5 c6 22. Qe4 Qe6 23. c4 d5 24. Qe2 dxc4 25. dxc4 e4 26. Re1 Nf6 27. Bb2 0-0 28. Bxf6 Qxf6 29. Qxg4+ Kh8 30. Re2 Rae8 31. Rd1 Rg8 32. Qd7 Qd4 1-0

[Event "Bogota IRT op 08"]
[Site "Bogota"]
[Date "2012.08.20"]
[Round "7"]
[White "Gomez, Juan Andres"]
[Black "Rosero, Hugo Alberto"]
[Result "1-0"]
[WhiteElo "1789"]
[BlackElo "1617"]
[PlyCount "101"]
[EventDate "2012.08.17"]
[EventType "swiss"]
[EventRounds "7"]
[EventCountry "COL"]
[SourceTitle "EXT 2013"]
[Source "ChessBase"]
[SourceDate "2012.11.22"]
[SourceVersion "1"]
[SourceVersionDate "2012.11.22"]
[SourceQuality "1"]

1. e4 c5 2. Nf3 d6 3. c3 a6 4. Bd3 Nf6 5. Bc2 e6 6. d4 cxd4 7. cxd4 Qc7 8. Nc3 Be7 9. Qd3 Nc6 10. a3 b6 11. 0-0 Bb7 12. Re1 0-0-0 13. Be3 d5 14. e5 Ng4 15. Rec1 Nxe3 16. fxe3 Kb8 17. Ba4 h5 18. b4 b5 19. Nxb5 Qb6 20. Nc3 Rc8 21. Rcb1 Na7 22. Bb3 Bc6 23. Na2 Bb5 24. Qd2 Rc7 25. a4 Bc6 26. b5 axb5 27. axb5 Bb7 28. Nb4 Bxb4 29. Qxb4 Qxb5 30. Qa3 Rc3 31. Qxa7+ Kc7 32. Bc2 Qc6 33. Ba4 Qa6 34. Qxa6 Bxa6 35. Bd1 Bb7 36. Ra7 Rb8 37. Kf2 f6 38. exf6 gxf6 39. Nh4 e5 40. Bf3 e4 41. Bxh5 Rc2+ 42. Kg3 Rc3 43. Kf4 Rc2 44. Bf7 Rf2+ 45. Kg3 Re2 46. Bxd5 Rxe3+ 47. Kf4 Rd3 48. Bxb7 Rxd4 49. Bxe4+ Kc8 50. Rxb8+ Kxb8 51. Rf7 1-0

[Event "Bogota Semana Santa op"]
[Site "Bogota"]
[Date "2012.04.08"]
[Round "9"]
[White "Gomez, Juan Andres"]
[Black "Cespedes Galindo, Estefania"]
[Result "1-0"]
[WhiteElo "1808"]
[BlackElo "1830"]
[PlyCount "95"]
[EventDate "2012.04.04"]
[EventType "swiss"]
[EventRounds "9"]
[EventCountry "COL"]
[SourceTitle "CBM 147 Extra"]
[Source "ChessBase"]
[SourceDate "2012.04.24"]
[SourceVersion "1"]
[SourceVersionDate "2012.04.24"]
[SourceQuality "1"]

1. e4 c5 2. Nf3 e6 3. c3 Nf6 4. Bd3 Qc7 5. Bc2 d6 6. 0-0 Be7 7. d4 cxd4 8. cxd4 0-0 9. Nc3 e5 10. d5 Bg4 11. Be3 a6 12. h3 Bh5 13. Rc1 Qd8 14. Kh2 Nbd7 15. Qd2 b5 16. a3 Nb6 17. b3 Nfd7 18. Rg1 Rc8 19. g4 Bg6 20. Ne1 Bf6 21. Ng2 h6 22. Ne1 Bg5 23. Ne2 Bxe3 24. Qxe3 Qg5 25. Qf3 Nc5 26. Ng2 h5 27. Ne3 Qh4 28. Nf5 Bxf5 29. Qxf5 g6 30. gxh5 Kh8 31. Qg5 Qxh5 32. Qxh5+ gxh5 33. Rg5 Rg8 34. Rxh5+ Kg7 35. Rg1+ Kf6 36. Rxg8 Rxg8 37. Ng3 Kg6 38. h4 f6 39. Rf5 Rh8 40. h5+ Kf7 41. Kh3 Nbd7 42. Kh4 a5 43. Rf3 b4 44. axb4 axb4 45. Nf5 Nb7 46. Rg3 Nf8 47. Rg7+ Ke8 48. Rxb7 1-0

[Event "Bogota U16 Mixto op"]
[Site "Bogota"]
[Date "2012.03.10"]
[Round "2.4"]
[White "Gomez, Juan Andres"]
[Black "Barreto Badillo, Cristian David"]
[Result "1-0"]
[WhiteElo "1808"]
[BlackElo "1808"]
[PlyCount "46"]
[EventDate "2012.03.09"]
[EventType "swiss"]
[EventRounds "6"]
[EventCountry "COL"]
[SourceTitle "EXT 2024"]
[Source "ChessBase"]
[SourceDate "2023.10.10"]
[SourceVersion "1"]
[SourceVersionDate "2023.10.10"]
[SourceQuality "1"]

1. e4 e5 2. Nc3 Nf6 3. g3 d5 4. exd5 Nxd5 5. Bg2 Nxc3 6. bxc3 Bc5 7. Ne2 Qf6 8. 0-0 Nc6 9. Rb1 0-0 10. h3 Rb8 11. d3 b6 12. Kh2 Bb7 13. f4 Rfe8 14. Bb2 Rbd8 15. c4 Bd4 16. fxe5 Qxe5 17. Nxd4 Rxd4 18. Bxd4 Qxd4 19. Bd5 Nd8 20. Bxb7 Nxb7 21. Qf3 Nd6 22. Rbe1 Rxe1 23. Rxe1 h6 1-0

[Event "Bogota U16 Mixto op"]
[Site "Bogota"]
[Date "2012.03.10"]
[Round "3.1"]
[White "Ruiz Castillo, Joshua Daniel"]
[Black "Gomez, Juan Andres"]
[Result "1-0"]
[WhiteElo "2178"]
[BlackElo "1808"]
[PlyCount "55"]
[EventDate "2012.03.09"]
[EventType "swiss"]
[EventRounds "6"]
[EventCountry "COL"]
[SourceTitle "EXT 2024"]
[Source "ChessBase"]
[SourceDate "2023.10.10"]
[SourceVersion "1"]
[SourceVersionDate "2023.10.10"]
[SourceQuality "1"]

1. e4 e5 2. Nf3 Nc6 3. d4 exd4 4. Nxd4 Nf6 5. Nxc6 bxc6 6. e5 Nd5 7. c4 Nb6 8. b3 Bb7 9. Bb2 Bc5 10. Qg4 0-0 11. Bd3 Re8 12. 0-0 Bf8 13. Nd2 d6 14. exd6 Qxd6 15. Qh3 g6 16. Ne4 Rxe4 17. Bxe4 Rd8 18. Qc3 f6 19. c5 Qe7 20. Rae1 Qf7 21. cxb6 cxb6 22. Qxf6 Qxf6 23. Bxf6 Rd6 24. Be5 Re6 25. Bd3 b5 26. Bg3 Rf6 27. Re8 Rf7 28. Bd6 1-0

[Event "Bogota Region-ch Amateur"]
[Site "Bogota"]
[Date "2012.03.04"]
[Round "6.25"]
[White "Silva, Julio Armando"]
[Black "Gomez, Juan Andres"]
[Result "1-0"]
[WhiteElo "1709"]
[BlackElo "1813"]
[PlyCount "91"]
[EventDate "2012.03.01"]
[EventType "swiss"]
[EventRounds "7"]
[EventCountry "COL"]
[SourceTitle "EXT 2024"]
[Source "ChessBase"]
[SourceDate "2023.10.10"]
[SourceVersion "1"]
[SourceVersionDate "2023.10.10"]
[SourceQuality "1"]

1. b4 e5 2. a3 d6 3. Bb2 Bf5 4. e3 Nf6 5. Bd3 Bg6 6. Bxg6 hxg6 7. h3 Qd7 8. Ne2 Ng4 9. Ng3 Nh6 10. d4 f6 11. Qd3 Qf7 12. Nd2 c6 13. c4 Be7 14. Nb3 Nd7 15. Na5 Rb8 16. Rc1 0-0 17. f4 Kh7 18. Rf1 f5 19. Kd2 e4 20. Qe2 Rfd8 21. Nh1 Nb6 22. g4 Na4 23. Ba1 fxg4 24. hxg4 Qe6 25. f5 gxf5 26. gxf5 Qf7 27. Ng3 d5 28. Rh1 Kg8 29. Rcg1 Nxf5 30. Nxf5 Qxf5 31. Rf1 Qe6 32. Qh5 Bf6 33. Qg6 Kf8 34. Rh8+ Ke7 35. Rh7 Rg8 36. Qg3 Kd7 37. c5 b6 38. cxb6 Nxb6 39. Nb3 Nc4+ 40. Ke2 Kc8 41. Nc5 Qe7 42. Qg4+ Kd8 43. Ne6+ Ke8 44. Qg6+ Kd7 45. Rxf6 Qxf6 46. Qxf6 1-0

[Event "Bogota op 01"]
[Site "Bogota"]
[Date "2012.01.29"]
[Round "7"]
[White "Gomez, Juan Andres"]
[Black "Moreno Lozano, Esteban"]
[Result "1-0"]
[WhiteElo "1813"]
[BlackElo "1625"]
[PlyCount "71"]
[EventDate "2012.01.26"]
[EventType "swiss"]
[EventRounds "7"]
[EventCountry "COL"]
[SourceTitle "CBM 146 Extra"]
[Source "ChessBase"]
[SourceDate "2012.02.29"]
[SourceVersion "1"]
[SourceVersionDate "2012.02.29"]
[SourceQuality "1"]

1. e4 c5 2. Nf3 Nc6 3. c3 g6 4. Bd3 Bg7 5. Bc2 Nf6 6. 0-0 d6 7. h3 0-0 8. d4 cxd4 9. cxd4 Bd7 10. a3 Re8 11. Nc3 Qc7 12. Bg5 Rad8 13. Qe2 Qb6 14. Rfd1 Qxb2 15. Na4 Nxd4 16. Nxd4 Bxa4 17. Bxa4 Qxe2 18. Nxe2 Nxe4 19. Be3 Bxa1 20. Bxe8 Bb2 21. Bb5 a6 22. Bc4 b5 23. Bd5 Nf6 24. Bb7 a5 25. Rd3 Rb8 26. Bc6 Rc8 27. Bxb5 Rc2 28. Nd4 Rc5 29. Ba6 Rd5 30. Bc4 Rc5 31. Ba2 Bxd4 32. Rxd4 Rc2 33. Bc4 Ne8 34. Bf1 Rc3 35. Ra4 e5 36. Rxa5 1-0

[Event "Bogota op 01"]
[Site "Bogota"]
[Date "2012.01.28"]
[Round "5"]
[White "Gomez, Juan Andres"]
[Black "Duarte Ariza, Andres Javier"]
[Result "1/2-1/2"]
[WhiteElo "1813"]
[BlackElo "1627"]
[PlyCount "68"]
[EventDate "2012.01.26"]
[EventType "swiss"]
[EventRounds "7"]
[EventCountry "COL"]
[SourceTitle "CBM 146 Extra"]
[Source "ChessBase"]
[SourceDate "2012.02.29"]
[SourceVersion "1"]
[SourceVersionDate "2012.02.29"]
[SourceQuality "1"]

1. e4 c5 2. Nf3 Nc6 3. c3 d6 4. Bd3 Nf6 5. Bc2 a6 6. h3 g6 7. 0-0 Bg7 8. d4 cxd4 9. cxd4 0-0 10. Bf4 Qb6 11. Bc1 Nd7 12. d5 Nd4 13. Nxd4 Bxd4 14. Bb3 Bf6 15. Be3 Qc7 16. Qd2 Nc5 17. Qc2 Bd7 18. Rc1 Rac8 19. Bh6 Rfe8 20. Nd2 Qb8 21. Rab1 Nxb3 22. Qxb3 Rxc1+ 23. Rxc1 Rc8 24. Rc2 e6 25. a3 exd5 26. exd5 Bf5 27. Rc4 Rxc4 28. Nxc4 b5 29. Ne3 Bd7 30. Qc2 Qc8 31. Qd2 Qc7 32. Ng4 Bxg4 33. hxg4 Bg7 34. Be3 Qc8 1/2-1/2

[Event "Bogota Mayores Distrital op 11"]
[Site "Bogota"]
[Date "2011.11.12"]
[Round "3.10"]
[White "Gomez, Juan Andres"]
[Black "Luna, David Humberto"]
[Result "0-1"]
[WhiteElo "1819"]
[BlackElo "1868"]
[PlyCount "39"]
[EventDate "2011.11.11"]
[EventType "swiss"]
[EventRounds "7"]
[EventCountry "COL"]
[SourceTitle "EXT 2024"]
[Source "ChessBase"]
[SourceDate "2023.10.10"]
[SourceVersion "1"]
[SourceVersionDate "2023.10.10"]
[SourceQuality "1"]

1. e4 d6 2. Nc3 Nf6 3. g3 g6 4. Bg2 Bg7 5. Nge2 c5 6. 0-0 Nc6 7. d3 a6 8. f4 Qb6 9. Kh1 0-0 10. Rb1 Bg4 11. h3 Bxe2 12. Qxe2 Nd4 13. Qd1 Nc6 14. Be3 Qa5 15. Qd2 e6 16. f5 exf5 17. exf5 Qc7 18. Bh6 Nd4 19. Bxg7 Kxg7 20. Rbe1 0-1

[Event "Bogota Univ Central op-A 5th"]
[Site "Bogota"]
[Date "2011.10.17"]
[Round "9.1"]
[White "Gomez, Juan Andres"]
[Black "Ribero, Guillermo Andres"]
[Result "1-0"]
[WhiteElo "1825"]
[BlackElo "1911"]
[PlyCount "35"]
[EventDate "2011.10.13"]
[EventType "swiss"]
[EventRounds "9"]
[EventCountry "COL"]
[SourceTitle "EXT 2024"]
[Source "ChessBase"]
[SourceDate "2023.10.10"]
[SourceVersion "1"]
[SourceVersionDate "2023.10.10"]
[SourceQuality "1"]

1. e4 c5 2. Nf3 Nc6 3. c3 e6 4. Bd3 d5 5. exd5 exd5 6. 0-0 c4 7. Bc2 Bd6 8. d3 cxd3 9. Qxd3 Bc7 10. Be3 Nge7 11. Re1 Bf5 12. Qd2 Bxc2 13. Qxc2 0-0 14. Nbd2 Bb6 15. Nb3 Qc7 16. Rad1 Rad8 17. Nbd4 Nb4 18. cxb4 1-0

[Event "Bogota Mayores Distrital op 07"]
[Site "Bogota"]
[Date "2011.07.23"]
[Round "4"]
[White "Gomez, Juan Andres"]
[Black "Ramirez Daza, Diego"]
[Result "0-1"]
[WhiteElo "1880"]
[BlackElo "2169"]
[PlyCount "122"]
[EventDate "2011.07.20"]
[EventType "swiss"]
[EventRounds "7"]
[EventCountry "COL"]
[SourceTitle "EXT 2012"]
[Source "ChessBase"]
[SourceDate "2011.11.24"]
[SourceVersion "1"]
[SourceVersionDate "2011.11.24"]
[SourceQuality "1"]

1. e4 c5 2. Nf3 d6 3. c3 Nf6 4. h3 Nc6 5. Bd3 g6 6. 0-0 Bg7 7. Bc2 0-0 8. d4 cxd4 9. cxd4 e5 10. d5 Ne7 11. Nc3 Ne8 12. Nh2 f5 13. f3 f4 14. Qe2 Nf6 15. Qf2 Nh5 16. Ne2 g5 17. Ng4 Ng6 18. Bb3 Rf7 19. Bd2 Bf8 20. Rac1 Nf6 21. Kh2 h5 22. Nxf6+ Qxf6 23. Rh1 g4 24. Kg1 gxh3 25. gxh3 Rg7 26. Kf1 Nh4 27. Rh2 Qg5 28. Ke1 Ng2+ 29. Kd1 Ne3+ 30. Ke1 Bd7 31. Rc3 Ng2+ 32. Kd1 Rc8 33. Kc1 Rxc3+ 34. Bxc3 Bb5 35. a4 Bxe2 36. Qxe2 Qg3 37. Rh1 Nh4 38. Bd1 Be7 39. Qb5 Qg2 40. Qe8+ Bf8 41. Qe6+ Kh7 42. Re1 Rg6 43. Qf7+ Bg7 44. Qxb7 Nxf3 45. Bxf3 Qxf3 46. Qxa7 Rg2 47. Qc7 Qf2 48. Kb1 Qc2+ 49. Ka2 Qxa4+ 50. Kb1 Qc2+ 51. Ka2 Rg6 52. Ka3 Qg2 53. b4 f3 54. Qc4 f2 55. Rf1 Rg3 56. Kb2 Rf3 57. b5 Qxh3 58. Ba5 Ra3 59. Bd2 Ra4 60. Qxa4 Qxf1 61. b6 Qe2 0-1

[Event "Pan American-ch U12"]
[Site "Cali"]
[Date "2011.07.07"]
[Round "8"]
[White "Naranjo, Irwin"]
[Black "Gomez, Juan Andres"]
[Result "1-0"]
[WhiteElo "1611"]
[BlackElo "1880"]
[PlyCount "53"]
[EventDate "2011.07.03"]
[EventType "swiss"]
[EventRounds "9"]
[EventCountry "COL"]
[SourceTitle "CBM 143 Extra"]
[Source "ChessBase"]
[SourceDate "2011.08.29"]
[SourceVersion "1"]
[SourceVersionDate "2011.08.29"]
[SourceQuality "1"]

1. e4 e5 2. Nf3 d6 3. d4 exd4 4. Bc4 g6 5. Ng5 Nh6 6. Qxd4 f6 7. Ne6 Bxe6 8. Bxe6 Qe7 9. Bb3 Nc6 10. Qd3 Nf7 11. 0-0 Bg7 12. Nc3 0-0 13. Nd5 Qd7 14. Bf4 Kh8 15. Rad1 Na5 16. Qg3 Nxb3 17. axb3 Rfe8 18. Rfe1 Rac8 19. h4 Rg8 20. Be3 a6 21. Bd4 f5 22. Nf6 Bxf6 23. Bxf6+ Rg7 24. Bxg7+ Kxg7 25. e5 Re8 26. Qe3 Re6 27. exd6 1-0